000 00611cam a22002053a 4500
001 42413
003 PGUSA
005 20140828083948.0
008 130325s2013||||xxu|||||s|||||000 | eng d
040 _aPGUSA
_beng
042 _adc
245 1 4 _aThe Diplomatic Correspondence of the American Revolution, Volume XII
_h[electronic resource] /
_cVarious
260 _bProject Gutenberg,
_c2013
506 _aPublic domain in the USA.
516 _aElectronic text
700 1 _aSparks, Jared,
_d1789-1866
830 0 _aProject Gutenberg
_v42413
856 4 0 _uhttp://www.gutenberg.org/ebooks/42413
942 _cEB
999 _c271665
_d271665